[Event "European School Championships"]
[Site "Rhodes, Greece"]
[Date "2022.04.25"]
[Round "5.5"]
[White "Bjerregaard Hagen, Frida"]
[Black "Tsulaia, Nika"]
[Result "0-1"]
[WhiteElo "1293"]
[BlackElo "1084"]
[PlyCount "98"]
[EventDate "2022.04.21"]
[EventRounds "9"]

1. e4 {[%emt 0:00:03]} e5 {[%emt 0:00:05]} 2. Nf3 {[%emt 0:00:11]} Nc6 {
[%emt 0:00:16]} 3. d4 {[%emt 0:00:34]} exd4 {[%emt 0:00:11]} 4. Bc4 {[%emt 0:
00:49]} Bc5 {[%emt 0:00:51]} 5. c3 {[%emt 0:01:05]} Nge7 {[%emt 0:05:17]} 6.
cxd4 {[%emt 0:00:01]} Bb4+ {[%emt 0:01:28]} 7. Bd2 {[%emt 0:02:16]} Bxd2+ {
[%emt 0:00:37]} 8. Nbxd2 {[%emt 0:04:47]} d5 {[%emt 0:01:09]} 9. exd5 {[%emt 0:
03:48]} Nxd5 {[%emt 0:00:59]} 10. O-O {[%emt 0:02:52]} O-O {[%emt 0:01:06]} 11.
Nb3 {[%emt 0:09:26]} Bg4 {[%emt 0:01:03]} 12. h3 {[%emt 0:02:50]} Bh5 {[%emt 0:
00:47]} 13. Re1 {[%emt 0:06:18]} a5 {[%emt 0:02:31]} 14. Nc5 {[%emt 0:09:29]}
Ra7 {[%emt 0:05:34]} 15. Qb3 {[%emt 0:08:25]} Ndb4 {[%emt 0:03:02]} 16. a3 {
[%emt 0:05:01]} Bxf3 {[%emt 0:02:13]} 17. axb4 {[%emt 0:07:08]} Bh5 {[%emt 0:
03:36]} 18. bxa5 {[%emt 0:05:17]} Qxd4 {[%emt 0:03:00]} 19. Nd3 {[%emt 0:03:17]
} Rxa5 {[%emt 0:01:34]} 20. Qc3 {[%emt 0:01:58]} Rxa1 {[%emt 0:04:02]} 21. Rxa1
{[%emt 0:01:29]} h6 {[%emt 0:00:47]} 22. Qxd4 {[%emt 0:01:32]} Nxd4 {[%emt 0:
00:07]} 23. Ra7 {[%emt 0:00:13]} b5 {[%emt 0:00:14]} 24. Bd5 {[%emt 0:00:35]}
c6 {[%emt 0:00:12]} 25. Be4 {[%emt 0:00:28]} Re8 {[%emt 0:00:39]} 26. Ne5 {
[%emt 0:00:27]} f5 {[%emt 0:01:18]} 27. Bf3 {[%emt 0:00:56]} Nxf3+ {[%emt 0:03:
01]} 28. Nxf3 {[%emt 0:00:16]} Bxf3 {[%emt 0:00:15]} 29. gxf3 {[%emt 0:00:06]}
Re2 {[%emt 0:00:36]} 30. Rc7 {[%emt 0:01:04]} Rc2 {[%emt 0:00:40]} 31. b3 {
[%emt 0:00:59]} b4 {[%emt 0:01:00]} 32. Kg2 {[%emt 0:01:00]} f4 {[%emt 0:00:55]
} 33. h4 {[%emt 0:00:36]} h5 {[%emt 0:00:26]} 34. Kg1 {[%emt 0:00:25]} c5 {
[%emt 0:00:54]} 35. Kg2 {[%emt 0:00:09]} Kh7 {[%emt 0:00:12]} 36. Rc6 {[%emt 0:
00:08]} Kg8 {[%emt 0:01:00]} 37. Rc7 {[%emt 0:00:13]} Kf8 {[%emt 0:00:39]} 38.
Kg1 {[%emt 0:00:29]} c4 {[%emt 0:00:47]} 39. Rxc4 {[%emt 0:00:17]} Rxc4 {
[%emt 0:00:13]} 40. bxc4 {[%emt 0:00:14]} b3 {[%emt 0:00:07]} 41. c5 {[%emt 0:
00:16]} b2 {[%emt 0:00:08]} 42. c6 {[%emt 0:00:06]} b1=Q+ {[%emt 0:00:07]} 43.
Kg2 {[%emt 0:00:10]} Qc2 {[%emt 0:00:11]} 44. c7 {[%emt 0:00:08]} Qxc7 {
[%emt 0:00:06]} 45. Kh3 {[%emt 0:00:06]} Qe5 {[%emt 0:00:24]} 46. Kh2 {[%emt 0:
00:07]} Qe2 {[%emt 0:00:27]} 47. Kh3 {[%emt 0:00:09]} Qxf3+ {[%emt 0:00:10]}
48. Kh2 {[%emt 0:00:11]} Qxf2+ {[%emt 0:00:09]} 49. Kh3 {[%emt 0:00:10]} Qg3# {
[%emt 0:00:14]} 0-1

[Event "European School Championships"]
[Site "Rhodes, Greece"]
[Date "2022.04.26"]
[Round "6.3"]
[White "Filindash, Nikita"]
[Black "Odabasi, Ruzgar"]
[Result "1-0"]
[WhiteElo "1404"]
[BlackElo "1251"]
[PlyCount "133"]
[EventDate "2022.04.21"]
[EventRounds "9"]

1. d4 {[%emt 0:00:03]} Nf6 {[%emt 0:00:52]} 2. c4 {[%emt 0:00:05]} e6 {[%emt 0:
00:57]} 3. Nc3 {[%emt 0:00:05]} Bb4 {[%emt 0:00:43]} 4. e3 {[%emt 0:00:05]} O-O
{[%emt 0:01:29]} 5. Nf3 {[%emt 0:01:57]} d5 {[%emt 0:02:40]} 6. Be2 {[%emt 0:
04:13]} Nbd7 {[%emt 0:01:32]} 7. O-O {[%emt 0:00:14]} dxc4 {[%emt 0:01:04]} 8.
Bxc4 {[%emt 0:00:09]} Bxc3 {[%emt 0:00:51]} 9. bxc3 {[%emt 0:00:11]} c5 {
[%emt 0:00:31]} 10. Qe2 {[%emt 0:01:31]} b6 {[%emt 0:01:34]} 11. a4 {[%emt 0:
00:46]} Ne4 {[%emt 0:02:10]} 12. Bb2 {[%emt 0:00:16]} a6 {[%emt 0:01:39]} 13.
Nd2 {[%emt 0:00:44]} Nxd2 {[%emt 0:02:03]} 14. Qxd2 {[%emt 0:00:05]} Ne5 {
[%emt 0:01:05]} 15. Be2 {[%emt 0:01:37]} Bb7 {[%emt 0:01:26]} 16. f3 {[%emt 0:
01:57]} Qd6 {[%emt 0:03:25]} 17. e4 {[%emt 0:06:27]} Rad8 {[%emt 0:01:24]} 18.
Qe3 {[%emt 0:02:35]} cxd4 {[%emt 0:01:06]} 19. cxd4 {[%emt 0:00:37]} Nc6 {
[%emt 0:00:32]} 20. Rfd1 {[%emt 0:09:24]} Rfe8 {[%emt 0:01:17]} 21. Bc3 {
[%emt 0:27:30]} Rc8 {[%emt 0:02:50]} 22. Rab1 {[%emt 0:03:06]} Qa3 {[%emt 0:04:
12]} 23. Ra1 {[%emt 0:05:35]} Qd6 {[%emt 0:02:10]} 24. Qd2 {[%emt 0:04:56]}
Red8 {[%emt 0:02:30]} 25. Qe1 {[%emt 0:03:12]} e5 {[%emt 0:03:10]} 26. d5 {
[%emt 0:03:57]} Nd4 {[%emt 0:08:24]} 27. Bxd4 {[%emt 0:01:05]} exd4 {[%emt 0:
00:14]} 28. Rxd4 {[%emt 0:02:44]} Rc2 {[%emt 0:00:50]} 29. Rd2 {[%emt 0:03:11]}
Rdc8 {[%emt 0:01:02]} 30. Qd1 {[%emt 0:01:05]} Qc5+ {[%emt 0:02:12]} 31. Kf1 {
[%emt 0:00:20]} Rc3 {[%emt 0:03:18]} 32. Qe1 {[%emt 0:03:58]} h6 {[%emt 0:01:
25]} 33. Rdd1 {[%emt 0:01:29]} Qe3 {[%emt 0:03:26]} 34. Qd2 {[%emt 0:01:15]}
Qc5 {[%emt 0:00:57]} 35. Qd4 {[%emt 0:01:29]} Qc7 {[%emt 0:01:52]} 36. g3 {
[%emt 0:02:33]} Rc2 {[%emt 0:01:42]} 37. Rd2 {[%emt 0:01:42]} Qd7 {[%emt 0:02:
20]} 38. Rxc2 {[%emt 0:03:29]} Rxc2 {[%emt 0:00:20]} 39. Qd3 {[%emt 0:00:35]}
Qh3+ {[%emt 0:01:08]} 40. Kg1 {[%emt 0:00:13]} Qc8 {[%emt 0:00:31]} 41. Kg2 {
[%emt 0:05:47]} Qc5 {[%emt 0:01:06]} 42. Rd1 {[%emt 0:08:04]} Rc3 {[%emt 0:00:
37]} 43. Qd4 {[%emt 0:00:36]} Qxd4 {[%emt 0:01:00]} 44. Rxd4 {[%emt 0:00:05]}
Kf8 {[%emt 0:00:43]} 45. Rb4 {[%emt 0:00:23]} Rc2 {[%emt 0:01:58]} 46. Kf2 {
[%emt 0:00:45]} b5 {[%emt 0:00:38]} 47. Ke3 {[%emt 0:00:48]} Ke7 {[%emt 0:02:
42]} 48. h4 {[%emt 0:01:42]} Kd6 {[%emt 0:01:25]} 49. axb5 {[%emt 0:01:49]}
axb5 {[%emt 0:00:43]} 50. Bd3 {[%emt 0:01:53]} Rg2 {[%emt 0:03:27]} 51. Rxb5 {
[%emt 0:02:29]} Bc8 {[%emt 0:00:31]} 52. g4 {[%emt 0:00:29]} Rh2 {[%emt 0:03:
06]} 53. h5 {[%emt 0:00:27]} Ra2 {[%emt 0:03:48]} 54. Rb6+ {[%emt 0:02:05]} Ke7
{[%emt 0:01:13]} 55. e5 {[%emt 0:01:53]} Ra5 {[%emt 0:01:27]} 56. Be4 {[%emt 0:
00:28]} Ra6 {[%emt 0:01:19]} 57. Rxa6 {[%emt 0:00:57]} Bxa6 {[%emt 0:00:22]}
58. Bd3 {[%emt 0:00:20]} Bb7 {[%emt 0:01:02]} 59. Kd4 {[%emt 0:00:17]} Kd8 {
[%emt 0:02:41]} 60. Kc5 {[%emt 0:00:39]} Bc8 {[%emt 0:00:43]} 61. Be2 {[%emt 0:
00:47]} Bb7 {[%emt 0:03:22]} 62. Kd6 {[%emt 0:00:49]} Bc8 {[%emt 0:04:02]} 63.
e6 {[%emt 0:00:37]} fxe6 {[%emt 0:00:46]} 64. dxe6 {[%emt 0:00:10]} Bd7 {
[%emt 0:00:27]} 65. e7+ {[%emt 0:03:04]} Ke8 {[%emt 0:01:28]} 66. Bd3 {[%emt 0:
00:16]} Be6 {[%emt 0:00:20]} 67. Bb5+ {[%emt 0:02:19]} 1-0

[Event "European School Championships"]
[Site "Rhodes, Greece"]
[Date "2022.04.27"]
[Round "7.1"]
[White "Anakok, Deniz"]
[Black "Filindash, Nikita"]
[Result "1-0"]
[WhiteElo "1396"]
[BlackElo "1404"]
[PlyCount "21"]
[EventDate "2022.04.21"]
[EventRounds "9"]

1. e4 {[%emt 0:00:03]} e6 {[%emt 0:00:04]} 2. d4 {[%emt 0:00:12]} d5 {[%emt 0:
00:04]} 3. Bd3 {[%emt 0:02:16]} dxe4 {[%emt 0:00:06]} 4. Bxe4 {[%emt 0:00:10]}
Nf6 {[%emt 0:00:09]} 5. Bf3 {[%emt 0:00:26]} c5 {[%emt 0:00:10]} 6. Ne2 {
[%emt 0:00:26]} Nc6 {[%emt 0:00:13]} 7. Be3 {[%emt 0:00:18]} Be7 {[%emt 0:22:
06]} 8. Nbc3 {[%emt 0:22:22]} O-O {[%emt 0:04:53]} 9. dxc5 {[%emt 0:06:03]} Qc7
{[%emt 0:18:34]} 10. Ng3 {[%emt 0:18:15]} Rd8 {[%emt 0:13:15]} 11. Qe2 {
[%emt 0:07:47]} 1-0

[Event "European School Championships"]
[Site "Rhodes, Greece"]
[Date "2022.04.27"]
[Round "7.2"]
[White "Tsulaia, Nika"]
[Black "Sason, Noam"]
[Result "0-1"]
[WhiteElo "1084"]
[BlackElo "1503"]
[PlyCount "74"]
[EventDate "2022.04.21"]
[EventRounds "9"]

1. e4 {[%emt 0:00:02]} c5 {[%emt 0:01:06]} 2. Nf3 {[%emt 0:00:25]} d6 {[%emt 0:
01:18]} 3. Bb5+ {[%emt 0:00:20]} Bd7 {[%emt 0:00:20]} 4. Bxd7+ {[%emt 0:01:06]}
Qxd7 {[%emt 0:00:56]} 5. c4 {[%emt 0:01:20]} Nc6 {[%emt 0:00:48]} 6. Nc3 {
[%emt 0:00:22]} g6 {[%emt 0:02:30]} 7. d4 {[%emt 0:03:15]} cxd4 {[%emt 0:00:14]
} 8. Nxd4 {[%emt 0:01:00]} Bg7 {[%emt 0:00:48]} 9. Be3 {[%emt 0:01:42]} Ne5 {
[%emt 0:02:28]} 10. f3 {[%emt 0:02:08]} Nxc4 {[%emt 0:04:29]} 11. Qd3 {[%emt 0:
04:43]} Nxb2 {[%emt 0:02:06]} 12. Qb5 {[%emt 0:00:14]} Qxb5 {[%emt 0:00:33]}
13. Ncxb5 {[%emt 0:00:20]} Kd7 {[%emt 0:01:15]} 14. Ke2 {[%emt 0:02:16]} Nf6 {
[%emt 0:03:26]} 15. Rac1 {[%emt 0:01:32]} Rhc8 {[%emt 0:01:58]} 16. Bf4 {
[%emt 0:02:11]} e5 {[%emt 0:01:18]} 17. Nxd6 {[%emt 0:04:51]} Rxc1 {[%emt 0:02:
33]} 18. Rxc1 {[%emt 0:01:12]} Nh5 {[%emt 0:01:36]} 19. Bg5 {[%emt 0:04:26]}
exd4 {[%emt 0:01:44]} 20. Nb5 {[%emt 0:00:28]} a6 {[%emt 0:00:45]} 21. Rc7+ {
[%emt 0:00:52]} Ke8 {[%emt 0:00:49]} 22. Nd6+ {[%emt 0:00:49]} Kf8 {[%emt 0:00:
09]} 23. Rxf7+ {[%emt 0:01:16]} Kg8 {[%emt 0:00:11]} 24. g4 {[%emt 0:00:42]}
Be5 {[%emt 0:01:08]} 25. Rxb7 {[%emt 0:08:41]} Bxd6 {[%emt 0:00:52]} 26. gxh5 {
[%emt 0:00:28]} Na4 {[%emt 0:00:49]} 27. Bf6 {[%emt 0:01:22]} d3+ {[%emt 0:01:
10]} 28. Kd2 {[%emt 0:00:45]} Bf4+ {[%emt 0:00:19]} 29. Kd1 {[%emt 0:00:32]}
Rc8 {[%emt 0:00:34]} 30. Rb1 {[%emt 0:06:09]} Kf7 {[%emt 0:02:05]} 31. e5 {
[%emt 0:00:25]} Nc3+ {[%emt 0:00:16]} 32. Ke1 {[%emt 0:00:39]} d2+ {[%emt 0:00:
06]} 33. Kf2 {[%emt 0:00:11]} Nxb1 {[%emt 0:00:09]} 34. e6+ {[%emt 0:00:17]}
Kxf6 {[%emt 0:00:06]} 35. e7 {[%emt 0:00:14]} d1=Q {[%emt 0:00:52]} 36. e8=Q {
[%emt 0:00:31]} Rc2+ {[%emt 0:00:13]} 37. Qe2 {[%emt 0:00:15]} Rxe2# {[%emt 0:
00:05]} 0-1

[Event "European School Championships"]
[Site "Rhodes, Greece"]
[Date "2022.04.27"]
[Round "7.3"]
[White "Sofronie, Vladimir"]
[Black "Mihaylov, Bozhidar"]
[Result "1-0"]
[WhiteElo "1743"]
[BlackElo "1257"]
[PlyCount "43"]
[EventDate "2022.04.21"]
[EventRounds "9"]

1. e4 {[%emt 0:00:02]} e5 {[%emt 0:00:05]} 2. Nf3 {[%emt 0:00:06]} Nc6 3. Bb5 {
[%emt 0:00:16]} d6 4. d4 {[%emt 0:00:21]} Bd7 5. Nc3 {[%emt 0:02:11]} Nf6 6.
Bg5 {[%emt 0:02:49]} Be7 7. O-O {[%emt 0:04:37]} O-O 8. dxe5 {[%emt 0:10:09]}
dxe5 {[%emt 0:02:56]} 9. Re1 {[%emt 0:00:08]} h6 {[%emt 0:06:18]} 10. Bh4 Nh7
11. Bg3 {[%emt 0:00:28]} f6 {[%emt 0:01:36]} 12. Bc4+ {[%emt 0:02:17]} Kh8 {
[%emt 0:00:08]} 13. Nh4 {[%emt 0:00:41]} Be8 {[%emt 0:00:08]} 14. Qg4 {[%emt 0:
00:56]} Ng5 {[%emt 0:01:07]} 15. Nf5 {[%emt 0:08:02]} Bd7 {[%emt 0:02:29]} 16.
h4 {[%emt 0:18:43]} Bxf5 {[%emt 0:02:10]} 17. exf5 {[%emt 0:00:47]} Nh7 {
[%emt 0:01:39]} 18. Rad1 {[%emt 0:00:39]} Bd6 {[%emt 0:01:39]} 19. Ne4 {
[%emt 0:01:03]} Qe7 {[%emt 0:00:15]} 20. c3 {[%emt 0:11:38]} Rfd8 {[%emt 0:01:
51]} 21. Kh1 {[%emt 0:08:47]} Nf8 {[%emt 0:06:56]} 22. Bh2 {[%emt 0:06:18]} 1-0

[Event "European School Championships"]
[Site "Rhodes, Greece"]
[Date "2022.04.28"]
[Round "8.1"]
[White "Mihaylov, Bozhidar"]
[Black "Anakok, Deniz"]
[Result "1-0"]
[WhiteElo "1257"]
[BlackElo "1396"]
[PlyCount "75"]
[EventDate "2022.04.21"]
[EventRounds "9"]

1. e4 c6 2. d4 d5 3. e5 c5 4. c3 Nc6 {[%emt 24:35:27]} 5. Nf3 cxd4 6. cxd4 Bg4
7. Be2 e6 8. O-O Nge7 9. Be3 Nf5 10. Nc3 Be7 11. Qb3 {[%emt 0:00:10]} Bxf3 {
[%emt 0:00:18]} 12. Qxb7 {[%emt 0:03:29]} Qc8 {[%emt 0:03:22]} 13. Ba6 {
[%emt 0:00:41]} Qxb7 {[%emt 0:23:55]} 14. Bxb7 {[%emt 0:00:12]} Na5 {[%emt 0:
00:13]} 15. Bxa8 {[%emt 0:00:19]} Bh5 {[%emt 0:00:20]} 16. a3 {[%emt 0:00:21]}
Kd7 {[%emt 0:01:37]} 17. b4 {[%emt 0:01:26]} Nb3 {[%emt 0:00:34]} 18. Bb7 {
[%emt 0:00:04]} Nxa1 {[%emt 0:01:02]} 19. Rxa1 {[%emt 0:00:05]} f6 {[%emt 0:05:
23]} 20. Rc1 {[%emt 0:00:51]} fxe5 {[%emt 0:01:59]} 21. Nb5 {[%emt 0:00:25]}
Rb8 {[%emt 0:03:45]} 22. Bc6+ {[%emt 0:00:29]} Kd8 {[%emt 0:00:52]} 23. dxe5 {
[%emt 0:00:16]} Nxe3 {[%emt 0:00:35]} 24. fxe3 {[%emt 0:00:10]} Bg5 {[%emt 0:
01:29]} 25. Rc3 {[%emt 0:01:47]} Rc8 {[%emt 0:11:18]} 26. Nxa7 {[%emt 0:02:14]}
Rc7 {[%emt 0:00:11]} 27. b5 {[%emt 0:00:21]} Rxa7 {[%emt 0:05:15]} 28. b6 {
[%emt 0:00:06]} Ra6 {[%emt 0:00:34]} 29. b7 {[%emt 0:00:19]} Rb6 {[%emt 0:00:
28]} 30. h4 {[%emt 0:00:27]} Bh6 {[%emt 0:02:03]} 31. a4 {[%emt 0:00:34]} Rb1+
{[%emt 0:03:16]} 32. Kh2 {[%emt 0:00:10]} d4 {[%emt 0:04:01]} 33. Bb5 {[%emt 0:
00:36]} Rxb5 {[%emt 0:02:22]} 34. axb5 {[%emt 0:00:13]} dxc3 {[%emt 0:00:12]}
35. b8=Q+ {[%emt 0:00:13]} Ke7 {[%emt 0:00:22]} 36. Qc7+ {[%emt 0:00:10]} Kf8 {
[%emt 0:00:05]} 37. Qxc3 {[%emt 0:00:17]} g5 {[%emt 0:00:22]} 38. b6 {[%emt 0:
00:24]} 1-0

[Event "European School Championships"]
[Site "Rhodes, Greece"]
[Date "2022.04.28"]
[Round "8.2"]
[White "Sason, Noam"]
[Black "Sofronie, Vladimir"]
[Result "1/2-1/2"]
[WhiteElo "1503"]
[BlackElo "1743"]
[PlyCount "58"]
[EventDate "2022.04.21"]
[EventRounds "9"]

1. e4 c5 2. Nf3 Nc6 3. d4 cxd4 {[%emt 24:32:23]} 4. Nxd4 Nf6 5. Nc3 d6 6. Bc4
Qb6 7. Nb3 e6 8. Bf4 Ne5 9. Be2 a6 10. Qd4 {[%emt 0:03:23]} Qxd4 {[%emt 0:04:
39]} 11. Nxd4 {[%emt 0:01:49]} Bd7 {[%emt 0:07:34]} 12. O-O-O {[%emt 0:01:56]}
Ng6 {[%emt 0:12:40]} 13. Bg3 {[%emt 0:01:23]} e5 {[%emt 0:00:32]} 14. Nf5 {
[%emt 0:08:04]} Bxf5 {[%emt 0:00:32]} 15. exf5 {[%emt 0:00:10]} Ne7 {[%emt 0:
00:06]} 16. Rxd6 {[%emt 0:02:11]} Nxf5 {[%emt 0:00:06]} 17. Rb6 {[%emt 0:02:40]
} Nxg3 {[%emt 0:00:42]} 18. fxg3 {[%emt 0:00:46]} O-O-O {[%emt 0:02:44]} 19.
Bf3 {[%emt 0:02:51]} Rd7 {[%emt 0:04:11]} 20. Rxf6 {[%emt 0:02:56]} gxf6 {
[%emt 0:01:10]} 21. Bg4 {[%emt 0:00:45]} Bh6+ {[%emt 0:02:32]} 22. Kb1 {
[%emt 0:00:12]} Rhd8 {[%emt 0:15:46]} 23. Nd5 {[%emt 0:01:53]} Kb8 {[%emt 0:00:
41]} 24. Bxd7 Rxd7 25. Nxf6 {[%emt 0:00:39]} Rd2 {[%emt 0:00:10]} 26. Ng4 {
[%emt 0:00:49]} Bg7 {[%emt 0:00:24]} 27. Rg1 {[%emt 0:00:51]} Re2 {[%emt 0:01:
59]} 28. Kc1 {[%emt 0:04:16]} Re4 {[%emt 0:01:34]} 29. Nf2 {[%emt 0:02:10]}
Bh6+ {[%emt 0:00:11]} 1/2-1/2

[Event "European School Championships"]
[Site "Rhodes, Greece"]
[Date "2022.04.28"]
[Round "8.4"]
[White "Odabasi, Ruzgar"]
[Black "Tsulaia, Nika"]
[Result "1-0"]
[WhiteElo "1251"]
[BlackElo "1084"]
[PlyCount "113"]
[EventDate "2022.04.21"]
[EventRounds "9"]

1. d4 d5 {[%emt 24:32:29]} 2. c4 e6 3. Nc3 Nf6 4. cxd5 exd5 5. Bg5 Nbd7 6. e3
Be7 7. Bd3 O-O 8. Qc2 c5 9. Nf3 b6 10. Ne5 Re8 11. Bf4 {[%emt 0:01:57]} Bb7 {
[%emt 0:02:48]} 12. Nxd7 {[%emt 0:03:11]} Qxd7 {[%emt 0:03:29]} 13. O-O {
[%emt 0:05:24]} Bd6 {[%emt 0:03:22]} 14. Bf5 {[%emt 0:02:29]} Qe7 {[%emt 0:01:
44]} 15. Bxd6 {[%emt 0:05:20]} Qxd6 {[%emt 0:00:36]} 16. Rac1 {[%emt 0:02:31]}
Ba6 {[%emt 0:02:49]} 17. Rfd1 {[%emt 0:02:30]} g6 {[%emt 0:04:05]} 18. Bd3 {
[%emt 0:01:55]} Bxd3 {[%emt 0:00:11]} 19. Qxd3 {[%emt 0:00:08]} Ng4 {[%emt 0:
04:19]} 20. g3 {[%emt 0:00:58]} c4 {[%emt 0:05:31]} 21. Qe2 {[%emt 0:01:07]}
Nf6 {[%emt 0:00:43]} 22. b3 {[%emt 0:01:36]} cxb3 {[%emt 0:03:44]} 23. Nb5 {
[%emt 0:00:22]} Qd7 {[%emt 0:01:36]} 24. Nc7 {[%emt 0:00:39]} b2 {[%emt 0:01:
58]} 25. Nxe8 {[%emt 0:01:27]} Rxe8 {[%emt 0:01:06]} 26. Rb1 {[%emt 0:02:45]}
Qh3 {[%emt 0:01:28]} 27. Qf1 {[%emt 0:02:32]} Qxf1+ {[%emt 0:00:49]} 28. Kxf1 {
[%emt 0:00:22]} Ng4 {[%emt 0:00:17]} 29. Rxb2 {[%emt 0:00:34]} Nxh2+ {[%emt 0:
00:54]} 30. Ke2 {[%emt 0:01:36]} Ng4 {[%emt 0:00:31]} 31. Rc2 {[%emt 0:00:19]}
Re7 {[%emt 0:01:53]} 32. Rdc1 {[%emt 0:00:27]} Re6 {[%emt 0:01:27]} 33. Rc6 {
[%emt 0:01:28]} Re4 {[%emt 0:05:01]} 34. R1c3 {[%emt 0:00:56]} Nh6 {[%emt 0:00:
39]} 35. f3 {[%emt 0:00:45]} Re7 {[%emt 0:00:41]} 36. Rc7 {[%emt 0:00:28]} Re6
{[%emt 0:00:08]} 37. R3c6 {[%emt 0:00:20]} Nf5 {[%emt 0:00:41]} 38. Rxe6 {
[%emt 0:00:12]} fxe6 {[%emt 0:00:13]} 39. g4 {[%emt 0:00:12]} Nd6 {[%emt 0:00:
34]} 40. Rxa7 {[%emt 0:00:17]} Nc4 {[%emt 0:00:12]} 41. Re7 {[%emt 0:00:52]} h6
{[%emt 0:02:11]} 42. Rxe6 {[%emt 0:00:17]} Kf7 {[%emt 0:00:08]} 43. Rc6 {
[%emt 0:00:24]} Kg7 {[%emt 0:02:04]} 44. e4 {[%emt 0:00:23]} h5 {[%emt 0:01:12]
} 45. exd5 {[%emt 0:00:42]} b5 {[%emt 0:00:18]} 46. a4 {[%emt 0:00:35]} h4 {
[%emt 0:00:43]} 47. axb5 {[%emt 0:00:15]} h3 {[%emt 0:00:14]} 48. Rxc4 {
[%emt 0:00:13]} h2 {[%emt 0:00:11]} 49. Rc1 {[%emt 0:00:08]} h1=Q {[%emt 0:00:
11]} 50. Rxh1 {[%emt 0:00:17]} g5 {[%emt 0:00:04]} 51. b6 {[%emt 0:00:19]} Kg6
{[%emt 0:00:13]} 52. b7 {[%emt 0:00:09]} Kg7 {[%emt 0:00:08]} 53. b8=Q {
[%emt 0:00:11]} Kg6 {[%emt 0:00:10]} 54. Qd6+ {[%emt 0:00:19]} Kg7 {[%emt 0:00:
06]} 55. Qe7+ {[%emt 0:00:26]} Kg6 {[%emt 0:00:19]} 56. Qh7+ {[%emt 0:00:12]}
Kf6 {[%emt 0:00:08]} 57. Rh6# {[%emt 0:00:11]} 1-0

[Event "European School Championships"]
[Site "Rhodes, Greece"]
[Date "2022.04.28"]
[Round "8.5"]
[White "Skytte, Robert"]
[Black "Hansen, Patrick Noumedem"]
[Result "1/2-1/2"]
[WhiteElo "1437"]
[BlackElo "1126"]
[PlyCount "104"]
[EventDate "2022.04.21"]
[EventRounds "9"]

1. d4 c6 2. c4 d5 3. cxd5 cxd5 {[%emt 24:32:18]} 4. Bf4 Qb6 5. Nc3 e6 6. Qd2
Nc6 7. Nf3 Bb4 8. e3 Nf6 9. Bd3 Bd7 10. O-O Ne7 11. a3 Bd6 12. Bxd6 Qxd6 13.
Rac1 O-O 14. Ne5 Ng6 15. Bxg6 hxg6 16. Qd3 Rfd8 17. Nb5 {[%emt 0:00:18]} Bxb5 {
[%emt 0:01:17]} 18. Qxb5 {[%emt 0:00:15]} Qe7 {[%emt 0:01:17]} 19. Qc5 {
[%emt 0:00:58]} Re8 {[%emt 0:01:41]} 20. Qxe7 {[%emt 0:00:58]} Rxe7 {[%emt 0:
00:11]} 21. Rc2 {[%emt 0:00:52]} Ne8 {[%emt 0:01:47]} 22. Rfc1 {[%emt 0:00:35]}
g5 {[%emt 0:05:17]} 23. Rc8 {[%emt 0:00:25]} Rxc8 {[%emt 0:00:36]} 24. Rxc8 {
[%emt 0:00:08]} f6 {[%emt 0:00:55]} 25. Ng6 {[%emt 0:00:06]} Rc7 {[%emt 0:00:
32]} 26. Rxe8+ {[%emt 0:01:34]} Kf7 {[%emt 0:00:08]} 27. Re7+ {[%emt 0:00:20]}
Rxe7 {[%emt 0:00:27]} 28. Nxe7 {[%emt 0:00:07]} Kxe7 {[%emt 0:00:10]} 29. Kf1 {
[%emt 0:00:09]} Kd6 {[%emt 0:00:06]} 30. Ke2 {[%emt 0:00:26]} Kc6 {[%emt 0:02:
24]} 31. a4 {[%emt 0:01:14]} b5 {[%emt 0:00:21]} 32. axb5+ {[%emt 0:00:37]}
Kxb5 {[%emt 0:00:10]} 33. Kd3 {[%emt 0:00:29]} f5 {[%emt 0:01:26]} 34. g3 {
[%emt 0:01:24]} g4 {[%emt 0:00:28]} 35. Kc3 {[%emt 0:00:26]} Ka5 {[%emt 0:00:
52]} 36. Kb3 {[%emt 0:00:44]} a6 {[%emt 0:00:52]} 37. Ka3 {[%emt 0:00:14]} Kb5
{[%emt 0:00:07]} 38. b4 {[%emt 0:00:47]} a5 {[%emt 0:00:30]} 39. bxa5 {[%emt 0:
00:10]} Kxa5 {[%emt 0:00:05]} 40. Kb3 {[%emt 0:00:10]} Kb5 {[%emt 0:00:01]} 41.
Kc3 {[%emt 0:00:25]} Ka4 {[%emt 0:00:15]} 42. Kd3 {[%emt 0:00:31]} Kb4 {
[%emt 0:01:37]} 43. Ke2 {[%emt 0:01:06]} g5 {[%emt 0:01:19]} 44. Kf1 {[%emt 0:
00:30]} Kc3 {[%emt 0:00:13]} 45. Kg2 {[%emt 0:00:14]} Kd3 {[%emt 0:00:18]} 46.
h4 {[%emt 0:00:37]} gxh3+ {[%emt 0:00:33]} 47. Kxh3 {[%emt 0:00:08]} Ke4 {
[%emt 0:00:08]} 48. Kg2 {[%emt 0:01:00]} g4 {[%emt 0:00:09]} 49. Kg1 {[%emt 0:
00:19]} Kd3 {[%emt 0:00:25]} 50. Kf1 {[%emt 0:00:36]} Kd2 {[%emt 0:00:15]} 51.
Kg2 {[%emt 0:00:29]} Ke2 {[%emt 0:00:41]} 52. Kg1 {[%emt 0:00:10]} Ke1 {
[%emt 0:00:37]} 1/2-1/2

[Event "European School Championships"]
[Site "Rhodes, Greece"]
[Date "2022.04.29"]
[Round "9.1"]
[White "Anakok, Deniz"]
[Black "Odabasi, Ruzgar"]
[Result "0-1"]
[WhiteElo "1396"]
[BlackElo "1251"]
[PlyCount "76"]
[EventDate "2022.04.21"]
[EventRounds "9"]

1. e4 {[%emt 0:00:08]} c5 {[%emt 0:01:33]} 2. Nf3 {[%emt 0:00:33]} Nc6 3. d4 {
[%emt 0:01:08]} cxd4 4. Nxd4 {[%emt 0:00:30]} g6 5. Nc3 {[%emt 0:00:49]} Bg7 6.
Be3 {[%emt 0:00:52]} Nf6 7. Nxc6 bxc6 {[%emt 0:00:11]} 8. e5 {[%emt 0:00:23]}
Ng8 {[%emt 0:00:08]} 9. Bd4 {[%emt 0:00:41]} f6 {[%emt 0:00:12]} 10. f4 {
[%emt 0:32:05]} Qa5 {[%emt 0:00:49]} 11. e6 {[%emt 0:08:29]} d5 {[%emt 0:03:14]
} 12. f5 {[%emt 0:08:12]} Rb8 {[%emt 0:02:28]} 13. fxg6 {[%emt 0:12:42]} hxg6 {
[%emt 0:02:10]} 14. Qg4 {[%emt 0:07:33]} g5 {[%emt 0:01:22]} 15. Qf5 {[%emt 0:
01:09]} Nh6 {[%emt 0:01:06]} 16. Qg6+ {[%emt 0:03:48]} Kf8 {[%emt 0:00:19]} 17.
Be2 {[%emt 0:05:03]} c5 {[%emt 0:01:52]} 18. Bxf6 {[%emt 0:00:42]} Bxf6 {
[%emt 0:01:54]} 19. O-O {[%emt 0:00:33]} Bxe6 {[%emt 0:02:32]} 20. Rxf6+ {
[%emt 0:02:23]} exf6 {[%emt 0:02:18]} 21. Qxf6+ {[%emt 0:00:11]} Nf7 {[%emt 0:
01:15]} 22. Rf1 {[%emt 0:01:12]} Rh7 {[%emt 0:01:58]} 23. Qg6 {[%emt 0:02:08]}
Rxb2 {[%emt 0:01:24]} 24. Qxe6 {[%emt 0:05:17]} Qxc3 {[%emt 0:06:05]} 25. Bh5 {
[%emt 0:00:33]} Qd4+ {[%emt 0:02:25]} 26. Kh1 {[%emt 0:01:09]} Rb1 {[%emt 0:00:
24]} 27. Qd6+ {[%emt 0:02:12]} Kg8 {[%emt 0:02:52]} 28. Bxf7+ {[%emt 0:00:14]}
Rxf7 {[%emt 0:00:22]} 29. Rxb1 {[%emt 0:01:19]} Kg7 {[%emt 0:08:52]} 30. h3 {
[%emt 0:01:20]} c4 {[%emt 0:01:50]} 31. Qb4 {[%emt 0:01:50]} g4 {[%emt 0:02:34]
} 32. Qb8 {[%emt 0:00:51]} Qe3 {[%emt 0:05:03]} 33. Qc8 {[%emt 0:00:32]} Qg5 {
[%emt 0:01:57]} 34. Rb7 {[%emt 0:00:47]} Qc1+ {[%emt 0:00:49]} 35. Kh2 {
[%emt 0:00:08]} Qf4+ {[%emt 0:00:10]} 36. Kh1 {[%emt 0:00:12]} Qf1+ {[%emt 0:
00:13]} 37. Kh2 {[%emt 0:00:04]} g3+ {[%emt 0:00:11]} 38. Kxg3 {[%emt 0:00:13]}
Qf4# 0-1